[Event "4NCL Division Four"]
[Site "Daventry, ENG"]
[Date "2023.01.07"]
[Round "3.92"]
[White "Pink, Joshua"]
[Black "Ivanov, Elizabeth"]
[Result "1-0"]
[WhiteElo "1887"]
[BlackElo "1605"]
[PlyCount "83"]
[EventDate "2023.01.07"]
[WhiteTeam "Coventry"]
[BlackTeam "She Plays To Win Uni"]

1. d4 d5 2. c4 c6 3. Nc3 Nf6 4. Nf3 e6 5. Bg5 Bb4 6. Qc2 Nbd7 7. e3 Qa5 8. Bd3
Ne4 9. O-O Nxg5 10. Nxg5 h6 11. Nf3 O-O 12. Ne2 Bd6 13. Ng3 Bxg3 14. hxg3 Re8
15. cxd5 exd5 16. Nh4 Nf6 17. a3 Ne4 18. Rae1 Qc7 19. Nf3 Bg4 20. Ne5 Bc8 21.
b4 a6 22. Bxe4 dxe4 23. Qxe4 f6 24. Qg6 Bf5 25. Qxf5 fxe5 26. dxe5 Rxe5 27. Qf4
Rae8 28. Rd1 Qc8 29. Qc4+ Kh8 30. Rd4 c5 31. Rd5 Rxd5 32. Qxd5 Rd8 33. Qxc5
Qxc5 34. bxc5 Rc8 35. Rc1 b6 36. c6 Kg8 37. Kf1 Kf7 38. c7 b5 39. Rc6 a5 40.
Rc5 a4 41. Rxb5 Rxc7 42. Rb4 1-0

[Event "4NCL Division Four"]
[Site "Daventry, ENG"]
[Date "2023.01.07"]
[Round "3.93"]
[White "Ravi, Vash"]
[Black "Manickam, Saravanna Bava"]
[Result "1-0"]
[WhiteElo "1593"]
[BlackElo "1745"]
[PlyCount "45"]
[EventDate "2023.01.07"]
[WhiteTeam "She Plays To Win Uni"]
[BlackTeam "Coventry"]

1. d4 Nf6 2. c4 e6 3. Nc3 b6 4. e4 Bb4 5. Bd3 Bb7 6. Qe2 O-O 7. h4 d5 8. e5 Ne4
9. Bxe4 dxe4 10. Be3 Nc6 11. Rd1 Bxc3+ 12. bxc3 Ba6 13. Qg4 f5 14. exf6 Qxf6
15. Qxe4 Na5 16. Nh3 h6 17. c5 Bc4 18. Nf4 Rad8 19. Ng6 Bd5 20. Qg4 Rf7 21. f3
Kh7 22. Ne5 Rff8 23. Bg5 1-0

[Event "4NCL Division Four"]
[Site "Daventry, ENG"]
[Date "2023.01.07"]
[Round "3.94"]
[White "Stamper, Tom"]
[Black "Singha Swati"]
[Result "1-0"]
[WhiteElo "1784"]
[BlackElo "1461"]
[PlyCount "79"]
[EventDate "2023.01.07"]
[WhiteTeam "Coventry"]
[BlackTeam "She Plays To Win Uni"]

1. d4 d5 2. c4 Nf6 3. cxd5 Nxd5 4. Nf3 Nc6 5. e4 Nb6 6. d5 Nb8 7. Bd3 e6 8. O-O
exd5 9. exd5 Nxd5 10. Re1+ Be7 11. Qe2 O-O 12. Qe4 f5 13. Qc4 c6 14. Nc3 Kh8
15. Nxd5 cxd5 16. Qb3 Nc6 17. Bf4 Bd6 18. Ne5 Nxe5 19. Bxe5 Bc5 20. Qc3 Qe7 21.
Bxg7+ Qxg7 22. Qxc5 b6 23. Qxd5 Bb7 24. Qe5 Rf6 25. g3 Raf8 26. f4 Qd7 27. Bb5
Qf7 28. Bf1 Be4 29. Bg2 Bxg2 30. Kxg2 Qb7+ 31. Kf2 Kg8 32. Rac1 Rh6 33. h4 Rg6
34. Red1 Qa6 35. Rd7 Qxa2 36. Rcc7 Qe6 37. Qg7+ Rxg7 38. Rxg7+ Kh8 39. Rxh7+
Kg8 40. Rcg7# 1-0

[Event "4NCL Division Four"]
[Site "Daventry, ENG"]
[Date "2023.01.07"]
[Round "3.95"]
[White "Khunda, Deema"]
[Black "Woolgar, Steven G"]
[Result "1-0"]
[WhiteElo "1350"]
[BlackElo "1616"]
[PlyCount "76"]
[EventDate "2023.01.07"]
[WhiteTeam "She Plays To Win Uni"]
[BlackTeam "Coventry"]

1. d4 Nf6 2. c4 e6 3. Nc3 Bb4 4. Bd2 b6 5. Nf3 Bb7 6. e3 O-O 7. Be2 d5 8. a3
Bxc3 9. Bxc3 dxc4 10. O-O Nbd7 11. Qa4 a6 12. Qxc4 b5 13. Qb3 Bd5 14. Qc2 Be4
15. Qd2 Rc8 16. Ba5 Nb6 17. Ng5 h6 18. Nxe4 Nxe4 19. Qc2 Nd6 20. Rac1 Nbc4 21.
Bb4 Re8 22. b3 Nb6 23. Bf3 Nd5 24. Ba5 Re7 25. Qc6 Qd7 26. Qxa6 f5 27. Rc5 Ne8
28. Qxb5 Qxb5 29. Rxb5 Nd6 30. Rc5 Nb7 31. Rb5 Nd6 32. Rxd5 exd5 33. Bxd5+ Kh8
34. Bb4 g6 35. a4 Rb8 36. Ba3 Rb6 37. Rb1 Re8 38. a5 Rb5 1-0

[Event "4NCL Division Four"]
[Site "Daventry, ENG"]
[Date "2023.01.07"]
[Round "3.96"]
[White "Conway, John"]
[Black "Clark, Sophie"]
[Result "0-1"]
[WhiteElo "1642"]
[BlackElo "1300"]
[PlyCount "102"]
[EventDate "2023.01.07"]
[WhiteTeam "Coventry"]
[BlackTeam "She Plays To Win Uni"]

1. d4 Nf6 2. Nf3 d5 3. Bf4 g6 4. h3 Bg7 5. e3 O-O 6. c4 Nbd7 7. Nc3 c6 8. cxd5
Nxd5 9. Nxd5 cxd5 10. Bd3 Qa5+ 11. Qd2 Qxd2+ 12. Kxd2 Nb6 13. b3 Bf5 14. Rhc1
Bxd3 15. Kxd3 Rac8 16. a4 Nd7 17. Bc7 f6 18. Rab1 e5 19. dxe5 fxe5 20. Ke2 h6
21. b4 e4 22. Nd4 Bxd4 23. exd4 Rf6 24. Bg3 Rfc6 25. Bf4 g5 26. Be3 Nb6 27. a5
Nc4 28. b5 R6c7 29. Bd2 Kf7 30. Bb4 Re8 31. Bc3 Re6 32. Bd2 b6 33. axb6 axb6
34. Be3 Ra7 35. Ra1 Ree7 36. g3 Kf6 37. h4 Rh7 38. hxg5+ hxg5 39. Ra6 Kf5 40.
Rca1 Rxa6 41. Rxa6 Rh1 42. Ra8 Rb1 43. Rf8+ Kg4 44. Rg8 Rb2+ 45. Kf1 Nxe3+ 46.
fxe3 Rxb5 47. Rf8 Kxg3 48. Rf5 g4 49. Ke1 Kg2 50. Rf2+ Kh3 51. Rf8 g3 0-1

[Event "4NCL Division Four"]
[Site "Daventry, ENG"]
[Date "2023.01.07"]
[Round "3.101"]
[White "Dray-Pearce, Tristan"]
[Black "Gill, Oliver"]
[Result "0-1"]
[WhiteElo "1757"]
[BlackElo "2106"]
[PlyCount "98"]
[EventDate "2023.01.07"]
[WhiteTeam "War and Piece B"]
[BlackTeam "Wessex Some Stars A"]

1. d4 d5 2. Nc3 c5 3. e4 dxe4 4. d5 Nf6 5. Be3 b6 6. Bb5+ Bd7 7. Qe2 a6 8.
Bxd7+ Qxd7 9. O-O-O e6 10. dxe6 Qxe6 11. f3 Be7 12. Nh3 exf3 13. Qxf3 Qc6 14.
Qg3 O-O 15. Rhe1 Re8 16. Bg5 Nbd7 17. Rf1 Rad8 18. Rf2 Nf8 19. Rdf1 Ng6 20. Nf4
b5 21. Nxg6 hxg6 22. Qh4 Rd4 23. Qh3 Ne4 24. Nxe4 Rxe4 25. Bxe7 R4xe7 26. Qc3
c4 27. Rf4 Qxg2 28. a4 Re3 29. Qb4 Re2 30. Rxf7 Rxc2+ 31. Kb1 a5 32. Qxb5 Ree2
33. Qb8+ Kh7 34. Rxg7+ Kh6 35. Rxg6+ Qxg6 36. Qh8+ Kg5 37. Qd8+ Kg4 38. Qd4+
Kh5 39. Qh8+ Kg5 40. Qd8+ Kg4 41. Qd4+ Kh3 42. Rf3+ Kg2 43. Rg3+ Qxg3 44. hxg3
Rcd2 45. Qxc4 Rxb2+ 46. Ka1 Rbd2 47. Qc6+ Kh2 48. Qh6+ Kg1 49. Qb6+ Rf2 0-1

[Event "4NCL Division Four"]
[Site "Daventry, ENG"]
[Date "2023.01.07"]
[Round "3.102"]
[White "Pleasants, Allan J"]
[Black "Woolf, Ben"]
[Result "1-0"]
[WhiteElo "1963"]
[BlackElo "1596"]
[PlyCount "91"]
[EventDate "2023.01.07"]
[WhiteTeam "Wessex Some Stars A"]
[BlackTeam "War and Piece B"]

1. Nf3 f5 2. g3 Nf6 3. Bg2 e6 4. O-O Be7 5. d3 d5 6. Nbd2 O-O 7. c4 c6 8. b3
Qe8 9. Bb2 Bd6 10. e4 e5 11. cxd5 fxe4 12. Nxe4 Nxe4 13. dxe4 c5 14. Nd2 b5 15.
a4 Bd7 16. axb5 Bxb5 17. Nc4 Bxc4 18. bxc4 Nd7 19. Qe2 Qg6 20. Bh3 Nf6 21. Bf5
Qe8 22. Bc3 Kh8 23. Ra2 Rf7 24. Rb1 Ng8 25. Rab2 Nh6 26. Be6 Re7 27. Rb7 a5 28.
f4 exf4 29. e5 Bc7 30. gxf4 Qg6+ 31. Kh1 a4 32. Rg1 Qe8 33. Qg2 Qf8 34. Qg5 Rb8
35. Rxb8 Bxb8 36. f5 Nf7 37. Qe3 Qe8 38. f6 Rxe6 39. fxg7+ Kg8 40. dxe6 Qxe6
41. Qe4 Nd6 42. Qa8 Nc8 43. Qxb8 Qc6+ 44. Rg2 a3 45. Qb5 Qe6 46. Qxc5 1-0

[Event "4NCL Division Four"]
[Site "Daventry, ENG"]
[Date "2023.01.07"]
[Round "3.103"]
[White "Chapman, Chas"]
[Black "Gregory, Keith D F"]
[Result "0-1"]
[WhiteElo "1510"]
[BlackElo "1946"]
[PlyCount "64"]
[EventDate "2023.01.07"]
[WhiteTeam "War and Piece B"]
[BlackTeam "Wessex Some Stars A"]

1. e4 d6 2. Nf3 Nf6 3. Nc3 e5 4. Be2 Be7 5. d3 c6 6. O-O h6 7. d4 Nbd7 8. dxe5
dxe5 9. Re1 Qc7 10. a3 a5 11. b3 O-O 12. Bb2 Re8 13. h3 Bf8 14. Bd3 b5 15. Qd2
Nc5 16. Qe2 Ne6 17. Nd1 Nd7 18. c3 Nf4 19. Qd2 Nxd3 20. Qxd3 Nc5 21. Qc2 a4 22.
b4 Nb3 23. Rb1 c5 24. Nd2 cxb4 25. Nxb3 axb3 26. Qxb3 Be6 27. Qc2 bxa3 28. Ba1
b4 29. Re2 Rec8 30. Rc1 b3 31. Qb1 Bc4 32. Re3 a2 0-1

[Event "4NCL Division Four"]
[Site "Daventry, ENG"]
[Date "2023.01.07"]
[Round "3.104"]
[White "Marsh, Roger D W"]
[Black "Thomas, Jacob"]
[Result "1-0"]
[WhiteElo "1928"]
[BlackElo "1497"]
[PlyCount "133"]
[EventDate "2023.01.07"]
[WhiteTeam "Wessex Some Stars A"]
[BlackTeam "War and Piece B"]

1. d4 Nf6 2. c4 c5 3. d5 d6 4. Nc3 e5 5. e4 g6 6. Nf3 Bg7 7. Bg5 Na6 8. Be2 O-O
9. Qd2 Bd7 10. h4 Bg4 11. Ng1 Bxe2 12. Ngxe2 Qd7 13. f3 Nc7 14. g4 b5 15. cxb5
Nxb5 16. Nxb5 Qxb5 17. Nc3 Qb4 18. h5 Rab8 19. O-O-O Rb7 20. Rh2 Rfb8 21. Rdh1
a5 22. Bh6 Qd4 23. Bxg7 Qxd2+ 24. Rxd2 Kxg7 25. hxg6 fxg6 26. Rhh2 Rb4 27. Nd1
a4 28. Rd3 Nd7 29. Rc2 R8b5 30. Ne3 Nb6 31. Rdc3 Nc8 32. Rc4 Na7 33. g5 Nc8 34.
Rxb4 Rxb4 35. Rc4 h5 36. gxh6+ Kxh6 37. Rxb4 cxb4 38. Nc2 b3 39. axb3 axb3 40.
Na1 Kg5 41. Nxb3 Kf4 42. Nd2 Na7 43. Kd1 Nb5 44. Ke2 g5 45. Kf2 Nd4 46. b4 g4
47. fxg4 Kxg4 48. Nc4 Nb5 49. Ke3 Kg5 50. Kd3 Kf4 51. Nd2 Na3 52. Kc3 Nb5+ 53.
Kc4 Na3+ 54. Kb3 Nb5 55. Ka4 Nc3+ 56. Ka5 Ke3 57. b5 Nxe4 58. Nxe4 Kxe4 59. b6
Kxd5 60. b7 Kd4 61. b8=Q d5 62. Kb4 Ke4 63. Kc3 d4+ 64. Kd2 Kf4 65. Kd3 Kf5 66.
Qf8+ Ke6 67. Ke4 1-0

[Event "4NCL Division Four"]
[Site "Daventry, ENG"]
[Date "2023.01.07"]
[Round "3.105"]
[White "Blair, Jimmy"]
[Black "Spanton, Tim R"]
[Result "0-1"]
[WhiteElo "1462"]
[BlackElo "1895"]
[PlyCount "62"]
[EventDate "2023.01.07"]
[WhiteTeam "War and Piece B"]
[BlackTeam "Wessex Some Stars A"]

1. e4 e5 2. Nf3 Nc6 3. Bc4 Bc5 4. Nc3 Nf6 5. Nd5 O-O 6. d3 h6 7. h3 Re8 8. c3
Na5 9. b4 Nxc4 10. bxc5 Nxd5 11. dxc4 Nf6 12. Qe2 Qe7 13. O-O Qxc5 14. Be3 Qc6
15. Nd2 Nxe4 16. Nxe4 Qxe4 17. c5 b6 18. cxb6 axb6 19. Rab1 Ba6 20. Qd2 Bxf1
21. Rxf1 d6 22. Re1 Qc4 23. Bxh6 gxh6 24. Qxh6 Re6 25. Qg5+ Rg6 26. Qf5 Rxa2
27. Re4 Qxc3 28. Rg4 Rxg4 29. Qxg4+ Kf8 30. Qg5 Ra8 31. Qf6 Qc1+ 0-1

[Event "4NCL Division Four"]
[Site "Daventry, ENG"]
[Date "2023.01.07"]
[Round "3.106"]
[White "Stuart, Graham"]
[Black "Searle, Tristan"]
[Result "1-0"]
[WhiteElo "1766"]
[BlackElo "1150"]
[PlyCount "95"]
[EventDate "2023.01.07"]
[WhiteTeam "Wessex Some Stars A"]
[BlackTeam "War and Piece B"]

1. e4 e5 2. Nf3 Nc6 3. Bb5 Nf6 4. O-O a6 5. Ba4 Bc5 6. Nxe5 O-O 7. Nxc6 dxc6 8.
d3 Qd6 9. h3 Qe5 10. Qf3 Bd6 11. Re1 h6 12. c3 c5 13. Be3 Be6 14. Nd2 Rad8 15.
d4 cxd4 16. Bxd4 Qf4 17. Qxf4 Bxf4 18. Nf3 Nd7 19. g3 Bd6 20. Kg2 c5 21. Be3 b5
22. Bc2 c4 23. Rad1 Ne5 24. Nxe5 Bxe5 25. f4 Bc7 26. Bc5 Rxd1 27. Rxd1 Rd8 28.
e5 Rxd1 29. Bxd1 g5 30. Bf3 Kg7 31. Be4 f6 32. f5 Bf7 33. e6 Be8 34. Kf3 Bh5+
35. g4 Be8 36. Bd5 h5 37. Ke4 h4 38. Bb7 a5 39. Kd5 Bf4 40. Bc6 Bxc6+ 41. Kxc6
Bc1 42. Kd7 Bxb2 43. e7 Bxc3 44. e8=Q Bb4 45. Qf8+ Kh7 46. Qf7+ Kh8 47. Qxf6+
Kg8 48. Qxg5+ 1-0

[Event "4NCL Division Four"]
[Site "Daventry, ENG"]
[Date "2023.01.07"]
[Round "3.111"]
[White "Bentley, Alex"]
[Black "OShea, Colm"]
[Result "1/2-1/2"]
[WhiteElo "1752"]
[BlackElo "1831"]
[PlyCount "76"]
[EventDate "2023.01.07"]
[WhiteTeam "Ashfield 3"]
[BlackTeam "Cambridge University 3"]

1. e4 c5 2. Nc3 Nc6 3. f4 g6 4. Nf3 Bg7 5. Bc4 e6 6. O-O Nge7 7. a3 d5 8. exd5
exd5 9. Ba2 Bg4 10. Ne2 O-O 11. c3 b5 12. h3 Bxf3 13. Rxf3 h5 14. b4 c4 15. d4
Nf5 16. Be3 Re8 17. Bf2 Nd6 18. Bb1 Qd7 19. f5 Ne4 20. fxg6 fxg6 21. Ng3 Nxf2
22. Rxf2 Qd6 23. Nf1 Bh6 24. Raa2 Re6 25. Rae2 Rae8 26. Rxe6 Qxe6 27. Qf3 Rf8
28. Qg3 Rxf2 29. Qxf2 Kg7 30. Qg3 Ne7 31. Bc2 a6 32. Bd1 Kh7 33. a4 bxa4 34.
Bxa4 Kg7 35. Bd1 Kh7 36. Bf3 Kh8 37. Bd1 Kh7 38. Bf3 Kh8 1/2-1/2

[Event "4NCL Division Four"]
[Site "Daventry, ENG"]
[Date "2023.01.07"]
[Round "3.112"]
[White "Lim, Mark"]
[Black "Radford, Mark Sr"]
[Result "1/2-1/2"]
[WhiteElo "1776"]
[BlackElo "1812"]
[PlyCount "47"]
[EventDate "2023.01.07"]
[WhiteTeam "Cambridge University 3"]
[BlackTeam "Ashfield 3"]

1. d4 e6 2. e4 d5 3. exd5 exd5 4. Nf3 Nf6 5. Bd3 Be7 6. O-O O-O 7. Re1 Bg4 8.
h3 Bh5 9. Bf4 c6 10. Nbd2 Nbd7 11. c3 Re8 12. Qb3 b6 13. Ne5 Nxe5 14. dxe5 Nd7
15. Qc2 Bg6 16. Bxg6 fxg6 17. Nf3 Nc5 18. Rad1 Ne6 19. Bg3 Qd7 20. Qd2 Rad8 21.
Nd4 c5 22. Nxe6 Qxe6 23. Qf4 Rf8 24. Qg4 1/2-1/2

[Event "4NCL Division Four"]
[Site "Daventry, ENG"]
[Date "2023.01.07"]
[Round "3.113"]
[White "Taylor, Robert P"]
[Black "Breed, Greg J"]
[Result "1-0"]
[WhiteElo "1724"]
[BlackElo "1797"]
[PlyCount "93"]
[EventDate "2023.01.07"]
[WhiteTeam "Ashfield 3"]
[BlackTeam "Cambridge University 3"]

1. d4 d5 2. Nf3 Nf6 3. Bg5 e6 4. e3 c5 5. c3 Nc6 6. Nbd2 cxd4 7. cxd4 Be7 8.
Bd3 Nb4 9. Bb5+ Bd7 10. Bxd7+ Qxd7 11. O-O O-O 12. Ne5 Qd8 13. Qb3 Nc6 14. Ndf3
Nxe5 15. Nxe5 Ne4 16. Bxe7 Qxe7 17. Qb5 Rfc8 18. Rac1 h5 19. Qe2 g6 20. f3 Nd6
21. e4 dxe4 22. fxe4 Qg5 23. Rce1 Rc7 24. Nf3 Qe7 25. Qe3 Rac8 26. Qh6 Qf8 27.
Qf4 Kg7 28. Ng5 Qe7 29. Qe5+ Kg8 30. Rf6 Rc1 31. Rff1 Rxe1 32. Rxe1 Rc2 33. d5
Nc4 34. Qf4 e5 35. Qg3 Qc5+ 36. Kh1 Rxb2 37. h4 Nd6 38. Rf1 Qc4 39. Qf3 f5 40.
exf5 Qxh4+ 41. Nh3 Nxf5 42. Kh2 Qd4 43. Rc1 Rb5 44. Rc8+ Kg7 45. Qa3 Rb4 46.
Qc1 Qxd5 47. Qc7+ 1-0

[Event "4NCL Division Four"]
[Site "Daventry, ENG"]
[Date "2023.01.07"]
[Round "3.114"]
[White "Phillips, William"]
[Black "Taylor, Marcel V"]
[Result "1-0"]
[WhiteElo "1789"]
[BlackElo "1732"]
[PlyCount "29"]
[EventDate "2023.01.07"]
[WhiteTeam "Cambridge University 3"]
[BlackTeam "Ashfield 3"]

1. d4 d5 2. Nf3 Nf6 3. c4 c6 4. Nc3 e6 5. Bg5 Be7 6. e3 Nbd7 7. Rc1 O-O 8. Bd3
b6 9. cxd5 cxd5 10. O-O Bb7 11. Qe2 Ne4 12. Bxe7 Qxe7 13. Ne5 Nxe5 14. dxe5 Qc7
15. Nxe4 1-0

[Event "4NCL Division Four"]
[Site "Daventry, ENG"]
[Date "2023.01.07"]
[Round "3.115"]
[White "Thomson, James L"]
[Black "Sartain, Patrick"]
[Result "1/2-1/2"]
[WhiteElo "1708"]
[BlackElo "1417"]
[PlyCount "72"]
[EventDate "2023.01.07"]
[WhiteTeam "Ashfield 3"]
[BlackTeam "Cambridge University 3"]

1. d4 d5 2. Nf3 Bg4 3. g3 Nd7 4. Bg2 e6 5. c4 c6 6. cxd5 exd5 7. O-O Ngf6 8.
Nc3 Be7 9. Qb3 Qc8 10. Re1 h5 11. h4 O-O 12. Bf4 Re8 13. Rac1 Nf8 14. Nb5 Ng6
15. Bd6 Ne4 16. Bxe7 Rxe7 17. Nc3 Nxc3 18. Qxc3 Bh3 19. Qd2 Bxg2 20. Kxg2 Qg4
21. Qg5 Re4 22. e3 f6 23. Qxg4 Rxg4 24. Kh3 Re8 25. Rc3 Rge4 26. Rec1 Ne7 27.
Ra3 a6 28. Rcc3 Nf5 29. Rab3 Nd6 30. Nd2 R4e7 31. Rd3 g5 32. Rbc3 Kh7 33. Rc1
Kh6 34. Rg1 g4+ 35. Kg2 Nf5 36. Rc3 Re6 1/2-1/2

[Event "4NCL Division Four"]
[Site "Daventry, ENG"]
[Date "2023.01.07"]
[Round "3.116"]
[White "Goldsmith, Jennifer"]
[Black "Pitts, Daniel"]
[Result "0-1"]
[WhiteElo "1308"]
[BlackElo "1571"]
[PlyCount "48"]
[EventDate "2023.01.07"]
[WhiteTeam "Cambridge University 3"]
[BlackTeam "Ashfield 3"]

1. c4 e6 2. Nc3 d5 3. cxd5 exd5 4. g3 Nf6 5. Bg2 c6 6. e3 Bd6 7. Nge2 O-O 8.
O-O Nbd7 9. d4 Nb6 10. e4 dxe4 11. Nxe4 Nxe4 12. Bxe4 Re8 13. Bg2 Bg4 14. Re1
Qe7 15. Be3 Nc4 16. h3 Nxe3 17. fxe3 Qxe3+ 18. Kf1 Bxe2+ 19. Rxe2 Qxg3 20. Rf2
Bb4 21. Qc2 Re7 22. Qc4 Bd6 23. Kg1 Rae8 24. Raf1 Qh2# 0-1

[Event "4NCL Division Four"]
[Site "Daventry, ENG"]
[Date "2023.01.07"]
[Round "3.121"]
[White "Donaghay, Richard H"]
[Black "Ajimal, Jet"]
[Result "1/2-1/2"]
[WhiteElo "1819"]
[BlackElo "1655"]
[PlyCount "75"]
[EventDate "2023.01.07"]
[WhiteTeam "Iceni 3"]
[BlackTeam "Deaf England"]

1. e4 c5 2. Nc3 Nc6 3. g3 e6 4. Bg2 Nf6 5. f4 d5 6. e5 Nd7 7. Nf3 Be7 8. O-O
O-O 9. Kh1 a6 10. a4 Rb8 11. Qe2 f6 12. exf6 Nxf6 13. b3 Qc7 14. Bb2 Bd6 15.
Nd1 Bd7 16. Nf2 Rbe8 17. Rac1 Re7 18. Ne5 Bc8 19. c3 Bxe5 20. fxe5 Nd7 21. d4
Ref7 22. Qg4 Nd8 23. Nd3 Rxf1+ 24. Rxf1 Rxf1+ 25. Bxf1 cxd4 26. Qxd4 Nc6 27.
Qf4 Nf8 28. c4 Ng6 29. Qe3 dxc4 30. bxc4 Na5 31. Nc5 b6 32. Ne4 Bb7 33. Kg1 Nc6
34. Nd6 Na5 35. Bh3 Nf8 36. Nxb7 Qxb7 37. Qd4 Qc6 38. Bf1 1/2-1/2

[Event "4NCL Division Four"]
[Site "Daventry, ENG"]
[Date "2023.01.07"]
[Round "3.123"]
[White "Lovell, Steve"]
[Black "Mullins, Steven A"]
[Result "1-0"]
[WhiteElo "1813"]
[BlackElo "1511"]
[PlyCount "49"]
[EventDate "2023.01.07"]
[WhiteTeam "Iceni 3"]
[BlackTeam "Deaf England"]

1. e4 e6 2. d4 d5 3. Bd3 Nf6 4. e5 Nfd7 5. c3 c5 6. Ne2 Qb6 7. O-O Nc6 8. Bc2
Be7 9. Kh1 O-O 10. Qd3 g6 11. a3 c4 12. Qg3 Qd8 13. Bh6 Re8 14. Nd2 Bf8 15. Qe3
Nb6 16. Nf3 Bd7 17. Bxf8 Rxf8 18. Qh6 f5 19. Nf4 Qe7 20. Ng5 Nd8 21. Rfe1 Nc6
22. Re3 Nd8 23. Rh3 Rf7 24. Nxg6 Qe8 25. Nxf7 1-0

[Event "4NCL Division Four"]
[Site "Daventry, ENG"]
[Date "2023.01.07"]
[Round "3.124"]
[White "Paull, James"]
[Black "Usher, Michael E"]
[Result "0-1"]
[WhiteElo "1405"]
[BlackElo "1773"]
[PlyCount "38"]
[EventDate "2023.01.07"]
[WhiteTeam "Deaf England"]
[BlackTeam "Iceni 3"]

1. e4 e6 2. d4 d5 3. e5 c5 4. c3 Nc6 5. Nf3 Bd7 6. Bd3 Rc8 7. O-O cxd4 8. cxd4
Nb4 9. a3 Nxd3 10. Qxd3 Ne7 11. Nc3 Nf5 12. Bf4 Be7 13. Ne2 O-O 14. Ng3 Nh4 15.
Nxh4 Bxh4 16. Ne2 Qc7 17. Bg3 Bb5 18. Qb3 Bxg3 19. Nxg3 Bxf1 0-1

[Event "4NCL Division Four"]
[Site "Daventry, ENG"]
[Date "2023.01.07"]
[Round "3.125"]
[White "Jones, Robert L"]
[Black "Lane, Clifford"]
[Result "1-0"]
[WhiteElo "1689"]
[BlackElo "1300"]
[PlyCount "97"]
[EventDate "2023.01.07"]
[WhiteTeam "Iceni 3"]
[BlackTeam "Deaf England"]

1. e4 e5 2. Nf3 Nc6 3. c3 Bc5 4. d4 exd4 5. cxd4 Bb4+ 6. Bd2 Bxd2+ 7. Nbxd2 d6
8. Bd3 Bg4 9. Qa4 Qd7 10. Rc1 Nge7 11. d5 Nb8 12. Qxd7+ Kxd7 13. h3 Bxf3 14.
Nxf3 f6 15. O-O c6 16. Rfd1 Ng6 17. g3 Ne5 18. Nd4 a6 19. Ne6 Rg8 20. Be2 g6
21. f4 Nf7 22. Bg4 Ke7 23. Nd4 c5 24. Be6 Rf8 25. Nb3 b6 26. a4 a5 27. Nd2 Nd8
28. Bg4 h5 29. Be2 Na6 30. Nc4 Rb8 31. Nxd6 Kxd6 32. Bxa6 Ra8 33. Be2 Nf7 34.
h4 Rfe8 35. Bf3 Nh6 36. Re1 Ng4 37. Rc3 Ra7 38. Rb3 Rb7 39. Re2 c4 40. Rc3 Rc8
41. Kg2 b5 42. axb5 Rxb5 43. Kh3 Rb3 44. Bxg4 hxg4+ 45. Kxg4 Rxc3 46. bxc3 Rb8
47. Ra2 Ra8 48. f5 gxf5+ 49. Kxf5 1-0

[Event "4NCL Division Four"]
[Site "Daventry, ENG"]
[Date "2023.01.07"]
[Round "3.126"]
[White "Simmons, Michael W"]
[Black "Carter, Dominic A"]
[Result "0-1"]
[WhiteElo "1152"]
[BlackElo "1651"]
[PlyCount "64"]
[EventDate "2023.01.07"]
[WhiteTeam "Deaf England"]
[BlackTeam "Iceni 3"]

1. d4 Nf6 2. c4 c5 3. Nf3 g6 4. e3 Bg7 5. Nbd2 O-O 6. Bd3 Nc6 7. a3 cxd4 8.
Nxd4 Ne5 9. Bc2 d6 10. h3 Qc7 11. b3 Bd7 12. O-O Rac8 13. Bb2 a6 14. Rc1 Qb6
15. Qe2 d5 16. cxd5 Nxd5 17. Be4 Nf6 18. Rxc8 Rxc8 19. Rc1 Rxc1+ 20. Bxc1 Nxe4
21. Nxe4 Bc6 22. Nxc6 Qxc6 23. Qd1 Qxe4 24. Qd8+ Bf8 25. f4 Qb1 26. fxe5 Qxc1+
27. Kh2 Qxe3 28. Qb8 Qxb3 29. Qc8 e6 30. Qd8 Qxa3 31. Qf6 Bg7 32. Qd8+ Qf8 0-1

[Event "4NCL Division Four"]
[Site "Daventry, ENG"]
[Date "2023.01.07"]
[Round "3.131"]
[White "Wang, Xiling"]
[Black "Perchard, Matthew"]
[Result "0-1"]
[WhiteElo "1186"]
[BlackElo "1506"]
[PlyCount "110"]
[EventDate "2023.01.07"]
[WhiteTeam "Cambridge University Y2"]
[BlackTeam "Celtic Tigers 3"]

{[%evp 0,3,19,38,43,18]} 1. e4 e6 2. d4 d5 3. Nc3 Bb4 4. Bd3 a6 5. a3 Bxc3+ 6.
bxc3 c5 7. exd5 exd5 8. Qe2+ Qe7 9. Qxe7+ Nxe7 10. dxc5 Nbc6 11. Nf3 O-O 12.
O-O Bd7 13. Rb1 Na5 14. Bd2 Bc6 15. Rfe1 Ng6 16. Ne5 Nxe5 17. Rxe5 Rfe8 18.
Rbe1 Rxe5 19. Rxe5 Re8 20. Rxe8+ Bxe8 21. Kf1 Nc4 22. Bxc4 dxc4 23. Ke2 Ba4 24.
Ke3 Kf8 25. Kd4 Bb5 26. Kd5 Bc6+ 27. Kxc4 Bxg2 28. Kd4 Ke7 29. c4 Bc6 30. Bf4
Ke6 31. c3 Kf5 32. Bg3 g5 33. h4 gxh4 34. Bxh4 Kg4 35. Bg3 f5 36. Ke5 h5 37.
Kf6 f4 38. Bh2 f3 39. Be5 h4 40. Kg6 Kh3 41. Kg5 Kg2 42. Kxh4 Kxf2 43. Bd4+ Ke2
44. Kg4 f2 45. Bxf2 Kxf2 46. Kf4 Ke2 47. Ke5 Kd2 48. Kd4 Kc2 49. Ke3 Kxc3 50.
Ke2 Kxc4 51. Kd2 Kxc5 52. Kc3 a5 53. Kb3 b5 54. a4 b4 55. Kb2 Bxa4 0-1

[Event "4NCL Division Four"]
[Site "Daventry, ENG"]
[Date "2023.01.07"]
[Round "3.132"]
[White "Macleod, Andrew"]
[Black "Santosh Kumar, Darsh"]
[Result "1/2-1/2"]
[WhiteElo "1422"]
[BlackElo "1049"]
[PlyCount "68"]
[EventDate "2023.01.07"]
[WhiteTeam "Celtic Tigers 3"]
[BlackTeam "Cambridge University Y2"]

1. d4 Nf6 2. c4 g6 3. Nc3 Bg7 4. e4 d6 5. Nf3 O-O 6. g3 Nbd7 7. Bg2 e5 8. d5
Nc5 9. Qe2 a5 10. O-O Re8 11. Ne1 Bd7 12. Nd3 Nxd3 13. Qxd3 c6 14. a4 Qc7 15.
f4 Ng4 16. Qf3 Qb6+ 17. Kh1 Qd4 18. h3 Nf6 19. fxe5 dxe5 20. Bg5 Nh5 21. g4 Nf4
22. Bxf4 exf4 23. Qxf4 Rf8 24. Qc7 Rfd8 25. Qf4 Be8 26. Rad1 Qxc4 27. Qe3 cxd5
28. exd5 Bxa4 29. Nxa4 Qxa4 30. Qb6 Qd7 31. Rfe1 Ra6 32. Qb3 a4 33. Qb4 Bf8 34.
Qe4 Bg7 1/2-1/2

[Event "4NCL Division Four"]
[Site "Daventry, ENG"]
[Date "2023.01.07"]
[Round "3.133"]
[White "Parikh, Aadhya"]
[Black "Eastham, Rory"]
[Result "0-1"]
[WhiteElo "773"]
[BlackElo "1507"]
[PlyCount "102"]
[EventDate "2023.01.07"]
[WhiteTeam "Cambridge University Y2"]
[BlackTeam "Celtic Tigers 3"]

1. e4 e5 2. Nf3 Nc6 3. Nc3 Nf6 4. Bb5 Nd4 5. Nxe5 Bd6 6. Nc4 Nxb5 7. Nxb5 Nxe4
8. Qe2 Qe7 9. O-O a6 10. Ncxd6+ Nxd6 11. Qxe7+ Kxe7 12. Nxc7 Rb8 13. b3 b5 14.
Ba3 b4 15. Nd5+ Ke6 16. Nxb4 Nb5 17. Nxa6 Bxa6 18. Bb4 Nd4 19. Rfe1+ Ne2+ 20.
Kf1 Rxb4 21. Rxe2+ Bxe2+ 22. Kxe2 Re8 23. c3 Rb6 24. Kf1 Kf6 25. Re1 Rd8 26.
Ra1 Rd6 27. d4 Rc6 28. c4 Rb6 29. d5 Ra8 30. c5 Rxb3 31. Kg1 Rb2 32. c6 Raxa2
33. Rf1 Rc2 34. c7 Rxc7 35. d6 Rc6 36. Kh1 Rxd6 37. Kg1 Rad2 38. h3 Rd1 39.
Rxd1 Rxd1+ 40. Kh2 Re1 41. Kg3 d5 42. f3 d4 43. Kf2 Re8 44. Kg3 d3 45. Kf2 d2
46. Kg3 d1=Q 47. Kh2 Qe2 48. f4 Re3 49. h4 Qf2 50. Kh1 Qxh4+ 51. Kg1 Re1# 0-1

[Event "4NCL Division Four"]
[Site "Daventry, ENG"]
[Date "2023.01.07"]
[Round "3.134"]
[White "Rigby, Charles"]
[Black "Patel-Davis, Riyan"]
[Result "1-0"]
[WhiteElo "1483"]
[BlackElo "823"]
[PlyCount "43"]
[EventDate "2023.01.07"]
[WhiteTeam "Celtic Tigers 3"]
[BlackTeam "Cambridge University Y2"]

1. d4 d5 2. Bf4 Bf5 3. e3 Nf6 4. Bd3 Bxd3 5. cxd3 e6 6. Nc3 Bb4 7. Nf3 O-O 8.
h3 Nc6 9. O-O h6 10. Qc2 Qe7 11. Ne5 Nxe5 12. dxe5 Nh5 13. d4 Nxf4 14. exf4 f6
15. Rac1 fxe5 16. fxe5 Qh4 17. Ne2 c6 18. f4 g5 19. f5 g4 20. f6 gxh3 21. Qg6+
Kh8 22. Qg7# 1-0